Anna R. : osudy chalupy čp. 5 /
Příběh mladé válečné vdovy, která se po smrti manžela ve Velké válce musí postarat o velké zemědělské hospodářství.
Uloženo v:
| Hlavní autor: | |
|---|---|
| Další autoři: | , , , |
| Médium: | E-audiokniha |
| Jazyk: | Czech |
| Vydáno: |
Praha :
Voxi,
2025
|
| Témata: | |
| Tagy: |
Žádné tagy |
| LEADER | 04370nim a2200985 i 4500 | ||
|---|---|---|---|
| 001 | 313501 | ||
| 003 | CZ PrSKC | ||
| 005 | 20260601215744.0 | ||
| 007 | sd fungnnmmned | ||
| 008 | 260112s2025 xr nnnng f n cze | ||
| 015 | |a cnb003735644 | ||
| 020 | |a 9788074485862 : |c Kč 399,00 | ||
| 040 | |a ABA001 |b cze |e rda | ||
| 072 | 7 | |a 821.162.3-3 |x Česká próza |2 Konspekt | |
| 080 | |a 821.162.3-31 |2 MRF | ||
| 080 | |a (0:82-311.6) |2 MRF | ||
| 080 | |a (0:82-31)-055.2 |2 MRF | ||
| 080 | |a (086.7)08 |2 MRF | ||
| 080 | |a (086.76) |2 MRF | ||
| 100 | 1 | |a Poncarová, Jana, |d 1983- |7 xx0228679 |4 aut | |
| 245 | 1 | 0 | |a Anna R. : |b osudy chalupy čp. 5 / |c Jana Poncarová |
| 264 | 1 | |a Praha : |b Voxi, |c 2025 | |
| 300 | |a 1 audiodisk (7 hod., 42 min.) ; |c 12 cm | ||
| 306 | |a 074200 | ||
| 336 | |a mluvené slovo |b spw |2 rdacontent | ||
| 337 | |a audio |b s |2 rdamedia | ||
| 338 | |a audiodisk |b sd |2 rdacarrier | ||
| 344 | |a digital |b optical |2 rda | ||
| 347 | |a audio soubor |b MP3 |2 rda | ||
| 500 | |a Název z pouzdra | ||
| 500 | |a Vydalo nakladatelství VOXI ve společnosti Albatros Media a.s. | ||
| 500 | |a Podle stejnojmenné knihy vydané nakladatelstvím Motto v roce 2025 | ||
| 500 | |a Nezkrácená audiokniha ve formátu MP3 | ||
| 508 | |a Režie, Jan Drbohlav | ||
| 511 | 0 | |a Čtou Nina Horáková, Vasil Fridrich a Dana Černá | |
| 520 | 2 | |a Příběh mladé válečné vdovy, která se po smrti manžela ve Velké válce musí postarat o velké zemědělské hospodářství. |b Když muži vymění úrodná pole za válečná, z hospodyň a matek se stávají hospodáři. František Reindl, majitel rozlehlého hospodářství, odchází do války, jejíž smysl je mu cizí. Břemeno správy statku spočine na ramenou jeho ženy Anny, která musí čelit nejen osamění, ale i zlobě lidí. Kvůli svým dvěma malým dětem snáší nekonečnou dřinu i četná příkoří. Oporou jí jsou Františkovy dopisy a naděje, že jednoho dne boje skončí. Nakladatelská anotace. Kráceno. | |
| 655 | 7 | |a české romány |7 fd133974 |2 czenas | |
| 655 | 7 | |a historické romány |7 fd132414 |2 czenas | |
| 655 | 7 | |a romány pro ženy |7 fd187897 |2 czenas | |
| 655 | 7 | |a audioknihy |7 fd119452 |2 czenas | |
| 655 | 7 | |a kompaktní disky |7 fd201991 |2 czenas | |
| 655 | 9 | |a Czech fiction |2 eczenas | |
| 655 | 9 | |a historical novels |2 eczenas | |
| 655 | 9 | |a women's novels |2 eczenas | |
| 655 | 9 | |a audiobooks |2 eczenas | |
| 655 | 9 | |a compact discs |2 eczenas | |
| 700 | 1 | |a Drbohlav, Jan, |d 1968- |7 xx0057821 |4 drt | |
| 700 | 1 | |a Horáková, Nina, |d 1988- |7 xx0171675 |4 nrt | |
| 700 | 1 | |a Fridrich, Vasil, |d 1976- |7 xx0064341 |4 nrt | |
| 700 | 1 | |a Černá, Dana, |d 1970- |7 xx0063282 |4 nrt | |
| 900 | |a ABA001 |b 19 | ||
| 044 | |a xr | ||
| 505 | 0 | 0 | |t 01_1938 (11 min., 43 sek.) |
| 505 | 0 | 0 | |t 02_1913 (17 min., 45 sek.) |
| 505 | 0 | 0 | |t 03_1938 (8 min., 50 sek.) |
| 505 | 0 | 0 | |t 04_1914 (21 min., 33 sek.) |
| 505 | 0 | 0 | |t 05_1938 (6 min., 44 sek.) |
| 505 | 0 | 0 | |t 06_1914 (18 min., 27 sek.) |
| 505 | 0 | 0 | |t 07_1938 (4 min., 33 sek.) |
| 505 | 0 | 0 | |t 08_1914 (37 min., 8 sek.) |
| 505 | 0 | 0 | |t 09_1938 (9 min., 7 sek.) |
| 505 | 0 | 0 | |t 10_1914 prvni cast (18 min., 13 sek.) |
| 505 | 0 | 0 | |t 11_1914 druha cast (26 min., 50 sek.) |
| 505 | 0 | 0 | |t 12_1938 (11 min., 11 sek.) |
| 505 | 0 | 0 | |t 13_1914 prvni cast (14 min., 4 sek.) |
| 505 | 0 | 0 | |t 14_1914 druha cast (19 min., 8 sek.) |
| 505 | 0 | 0 | |t 15_1938 (7 min., 9 sek.) |
| 505 | 0 | 0 | |t 16_1914 prvni cast (24 min., 22 sek.) |
| 505 | 0 | 0 | |t 17_1914 druha cast (21 min., 48 sek.) |
| 505 | 0 | 0 | |t 18_1938 (10 min., 9 sek.) |
| 505 | 0 | 0 | |t 19_1915 (20 min., 6 sek.) |
| 505 | 0 | 0 | |t 20_1938 (6 min., 24 sek.) |
| 505 | 0 | 0 | |t 21_1915 (28 min., 53 sek.) |
| 505 | 0 | 0 | |t 22_1938 (3 min., 42 sek.) |
| 505 | 0 | 0 | |t 23_1915 (29 min., 2 sek.) |
| 505 | 0 | 0 | |t 24_1938 (5 min., 58 sek.) |
| 505 | 0 | 0 | |t 25_1915 (22 min., 47 sek.) |
| 505 | 0 | 0 | |t 26_1938 (7 min., 47 sek.) |
| 505 | 0 | 0 | |t 27_1915 (17 min., 43 sek.) |
| 505 | 0 | 0 | |t 28_1917 (9 min., 46 sek.) |
| 505 | 0 | 0 | |t 29_1918 (7 min., 10 sek.) |
| 505 | 0 | 0 | |t 30_1938 (13 min., 57 sek.) |
| 910 | |a RBIT002 | ||
| 998 | |d 423611 |a https://core.palmknihy.cz/api/books/423611/cover?t5b0ye |b https://core.palmknihy.cz/api/books/423611/cover/400?t5b0ye |c https://core.palmknihy.cz/api/books/423611/cover/50?t5b0ye |e 2035-12-31 |i 9788074485862 |l 27720 |q 49 |r 1 |s https://www.palmknihy.cz/kniha/423611 |t audiobook |y 2025 |z 0 | ||
| 999 | |d 313499 | ||